बेशर्म के फूल (Record no. 4064)

MARC details
000 -LEADER
fixed length control field 01057 a2200241 4500
005 - DATE AND TIME OF LATEST TRANSACTION
control field 20080904124440.0
008 - FIXED-LENGTH DATA ELEMENTS--GENERAL INFORMATION
fixed length control field 080904t xxu||||| |||| 00| 0 hin d
010 ## - LIBRARY OF CONGRESS CONTROL NUMBER
LC control number HIN-79881
020 ## - INTERNATIONAL STANDARD BOOK NUMBER
International Standard Book Number 8181436415
Terms of availability 150.00
035 ## - SYSTEM CONTROL NUMBER
System control number HN-52227
037 ## - SOURCE OF ACQUISITION
Source of stock number/acquisition D.B.Act / pub
082 ## - DEWEY DECIMAL CLASSIFICATION NUMBER
Classification number 821
100 ## - MAIN ENTRY--PERSONAL NAME
Personal name मैत्रे, रेखा
245 ## - TITLE STATEMENT
Title बेशर्म के फूल
Statement of responsibility, etc रेखा मैत्रे
246 ## - VARYING FORM OF TITLE
Title proper/short title Besharam ke phool
Remainder of title by Rekha Maitra
260 ## - PUBLICATION, DISTRIBUTION, ETC. (IMPRINT)
Place of publication, distribution, etc नई दिल्ली
Name of publisher, distributor, etc वाणी प्रकाशन
Date of publication, distribution, etc 2007
270 ## - ADDRESS
Address 21-ए, दरियागंज,
City नई दिल्ली
Postal code 110002
300 ## - PHYSICAL DESCRIPTION
Extent 87पृ
Dimensions 22 सेमी (सजिल्द)
650 ## - SUBJECT ADDED ENTRY--TOPICAL TERM
Topical term or geographic name as entry element हिन्दी कविताएँ
650 ## - SUBJECT ADDED ENTRY--TOPICAL TERM
Topical term or geographic name as entry element Hindi Poems
942 ## - ADDED ENTRY ELEMENTS (KOHA)
Institution code [OBSOLETE] dpl
Koha item type Hindi Books
Call number prefix 821 / मैत्रेरे
Source of classification or shelving scheme Dewey Decimal Classification
Classification part 821
Call number suffix मैत्रेरे
Holdings
Withdrawn status Lost status Damaged status Not for loan Home library Current library Date acquired Cost, normal purchase price Total Checkouts Full call number Barcode Date last seen Copy number Uniform Resource Identifier Cost, replacement price Price effective from Koha item type
        D.B.Act.Division D.B.Act.Division   150.00   821 मैत्रेरे HN-52227 15/09/2008 1 4310 150.00 15/09/2008 Hindi Books

© Delhi Public Library
Hit Counter
free hit counter